000 00898nam a22002897a 4500
001 BR9300346
003 BR-BrBNA
005 20230928093808.0
007 ta
008 230509b bl.||||| |||| 00| 0 por d
040 _aBR-BrBNA
_bpor
_cBiblioteca Nacional de Agricultura
041 _a(Por)
072 _aF01
090 _ F01 BR9300346
110 1 _aAssociacao de Engenheiros Agronomos do Ceara, Fortaleza (Brasil)
_9534
111 1 _a7. Encontro Cearense de Engenheiros Agronomos
_cFortaleza, CE (Brazil)
_d13-17 Aug 1991
245 1 _a7. Encontro cearense de engenheiros agronomos. Agronomia e Modernidade. A quem interessa? Programa e resumos
260 3 _aFortaleza, CE (Brasil):
_c1991.
300 _a15 p.
500 _aSummary only
650 _aUrucum
650 _aGraviola
650 _aSabia
650 _aBroca
909 _a202309
_bLucia
_c55
_dLucia Elande
942 _cBK
999 _c47154
_d47154